Statistics for Daily U.S. State Riddle #36

Click here to take the quiz!

General Stats

  • This quiz has been taken 64 times
  • The average score is 30 of 35

Answer Stats

TypeAnswer% Correct
Found LetterA
100%
Alphabet LetterN
100%
Alphabet LetterR
100%
Alphabet LetterS
100%
Alphabet LetterI
98%
Found LetterO
98%
Alphabet LetterE
96%
Found LetterM
96%
Alphabet LetterC
95%
Alphabet LetterD
95%
Found LetterL
95%
Alphabet LetterG
93%
Alphabet LetterY
91%
Found LetterH
89%
Found LetterK
89%
Alphabet LetterT
89%
Alphabet LetterW
89%
Alphabet LetterU
88%
Alphabet LetterB
86%
Alphabet LetterF
84%
Alphabet LetterV
84%
Correctly Placed LetterL
80%
Alphabet LetterX
80%
Correctly Placed LetterA
79%
Alphabet LetterP
79%
Alphabet LetterZ
79%
Correctly Placed LetterO
77%
Alphabet LetterJ
73%
Correctly Placed LetterA
71%
Correctly Placed LetterH
66%
Correctly Placed LetterK
66%
Correctly Placed LetterM
66%
Correctly Placed LetterO
66%
Mystery U.S. StateOklahoma
66%
Alphabet LetterQ
66%

Score Distribution

Percentile by Number Answered

Percent of People with Each Score

Your Score History

You have not taken this quiz